<?xml version="1.0" encoding="UTF-8"?>
<marc:record xmlns:marc="http://www.loc.gov/MARC21/slim">
   <marc:leader>00000nam a2200000 a 4500</marc:leader>
   <marc:datafield ind1="0" ind2="0" tag="245">
      <marc:subfield code="a">Kubo - der tapfere Samurai</marc:subfield>
   </marc:datafield>
   <marc:datafield ind1=" " ind2="1" tag="264">
      <marc:subfield code="a">Hamburg</marc:subfield>
      <marc:subfield code="b">Universal Pictures</marc:subfield>
      <marc:subfield code="c">2017</marc:subfield>
   </marc:datafield>
   <marc:datafield ind1="1" ind2=" " tag="520">
      <marc:subfield code="a">Kubo ist als Sohn eines legendären Samurai-Kriegers und einer Göttin mit magischen Kräften gesegnet. Doch er muss noch lernen diese zu beherrschen. Bei dem Versuch, das Rätsel um seinen gefallenen Vater zu entwirren, beschwört er versehentlich den mächtigen Moon King, der voller Zorn auf die Erde hinabstürmt, um Rache zu üben. Plötzlich ist das gesamte Dorf in Gefahr und Kubo steht vor einer großen Herausforderung: Er muss Herr seiner Zauberkräfte werden und in die Rolle des Helden hineinwachsen, für die er geboren wurde.</marc:subfield>
   </marc:datafield>
   <marc:datafield ind1=" " ind2=" " tag="020">
      <marc:subfield code="a">5053083102104</marc:subfield>
      <marc:subfield code="9">5053083102104</marc:subfield>
   </marc:datafield>
   <marc:datafield ind1="0" ind2=" " tag="490">
      <marc:subfield code="v">0</marc:subfield>
   </marc:datafield>
   <marc:datafield ind1=" " ind2=" " tag="300">
      <marc:subfield code="a">DVD (98 Min.)</marc:subfield>
   </marc:datafield>
</marc:record>
